[Event "FC St. Pauli III - SV Großhansdorf"]
[Site "Landesliga Hamburg 2022/23"]
[Date "2023.02.05"]
[Round "5.33"]
[White "Wahls, Matthias"]
[Black "Kahlert, Thomas"]
[Result "1/2-1/2"]
[WhiteElo "2532"]
[BlackElo "2148"]
[PlyCount "69"]

1. c4 e5 2. g3 Nc6 3. Bg2 g6 4. Nc3 Bg7 5. e4 d6 6. Nge2 f5 7. d3 Nf6 8. O-O
O-O 9. Nd5 fxe4 10. dxe4 Nxd5 11. cxd5 Nd4 12. Nxd4 exd4 13. Qb3 Kh8 14. Bf4 c5
15. dxc6 bxc6 16. Qa3 c5 17. e5 dxe5 18. Bxe5 Bxe5 19. Bxa8 Bh3 20. Bg2 Bxg2
21. Kxg2 Qd5+ 22. f3 Rf7 23. Qd3 c4 24. Qe4 Qxe4 25. fxe4 Rb7 26. Rab1 d3 27.
Rfc1 Rb4 28. Kf3 Bxb2 29. Rxc4 Rxc4 30. Rxb2 Rc2 31. Rb8+ Kg7 32. Rb7+ Kf6 33.
Rxa7 Rb2 34. Rd7 Rxa2 35. Rxd3 1/2-1/2

[Event "FC St. Pauli III - SV Großhansdorf"]
[Site "Landesliga Hamburg 2022/23"]
[Date "2023.02.05"]
[Round "5.34"]
[White "Thomaschke, Dirk"]
[Black "Gara, Anita"]
[Result "1/2-1/2"]
[WhiteElo "2157"]
[BlackElo "2358"]
[PlyCount "72"]

1. e4 c5 2. Nf3 Nc6 3. d4 cxd4 4. Nxd4 g6 5. c4 Nf6 6. Nc3 d6 7. f3 Nxd4 8.
Qxd4 Bg7 9. Be3 O-O 10. Qd2 Be6 11. Rc1 Qa5 12. Be2 Rfc8 13. b3 a6 14. Nd5
Qxd2+ 15. Kxd2 Nxd5 16. cxd5 Bd7 17. Rxc8+ Rxc8 18. Rc1 Rxc1 19. Kxc1 Kf8 20.
Kd2 e6 21. dxe6 Bxe6 22. Bc4 Bxc4 23. bxc4 Ke7 24. a4 Kd7 25. Kd3 Kc6 26. h3 h5
27. Bf2 Bh6 28. Bd4 Bf4 29. Bf2 Bc1 30. Bd4 Ba3 31. Be3 Bc5 32. Bd2 Bf2 33. Bc3
Kc5 34. Bd2 Bg3 35. Bc3 Be5 36. Bd2 Bb2 1/2-1/2

[Event "FC St. Pauli III - SV Großhansdorf"]
[Site "Landesliga Hamburg 2022/23"]
[Date "2023.02.05"]
[Round "5.35"]
[White "Paul, Anatolij"]
[Black "zur Lage, Julian"]
[Result "1/2-1/2"]
[WhiteElo "2051"]
[BlackElo "2145"]
[PlyCount "50"]

1. d4 d5 2. c4 c6 3. Nf3 Nf6 4. e3 Bg4 5. h3 Bxf3 6. Qxf3 e6 7. Nc3 Bd6 8. Bd2
Nbd7 9. O-O-O Qe7 10. g4 dxc4 11. Bxc4 O-O-O 12. Kb1 h6 13. Rc1 Bc7 14. Rhd1
Nb6 15. Bb3 Rd7 16. a4 Nbd5 17. Nxd5 exd5 18. Bc2 Ne4 19. Be1 Kb8 20. a5 a6 21.
Bd3 Bd6 22. Qe2 Bb4 23. Bxb4 Qxb4 24. Bxe4 dxe4 25. Rc5 Rd5 1/2-1/2

[Event "FC St. Pauli III - SV Großhansdorf"]
[Site "Landesliga Hamburg 2022/23"]
[Date "2023.02.05"]
[Round "5.36"]
[White "Schleicher, Guido"]
[Black "Kuhn, Gerd"]
[Result "1-0"]
[WhiteElo "2170"]
[BlackElo "1985"]
[PlyCount "63"]

1. e4 c6 2. d4 d5 3. e5 Bf5 4. h4 h5 5. c4 dxc4 6. Bxc4 e6 7. Nc3 Nd7 8. Nf3
Nb6 9. Bd3 Bg4 10. Bg5 Qd7 11. O-O Ne7 12. a4 Nf5 13. a5 Nd5 14. Be4 Be7 15.
Bxf5 Bxf5 16. Bxe7 Nxc3 17. bxc3 Qxe7 18. Ng5 f6 19. Nf3 O-O-O 20. Re1 Bg4 21.
a6 b6 22. Qd3 Qd7 23. Qe3 Bxf3 24. Qxf3 f5 25. c4 Kc7 26. Rad1 Qc8 27. d5 Qxa6
28. dxe6 Qxc4 29. Qxf5 b5 30. Qf7+ Kb6 31. Rxd8 Rxd8 32. e7 1-0

[Event "FC St. Pauli III - SV Großhansdorf"]
[Site "Landesliga Hamburg 2022/23"]
[Date "2023.02.05"]
[Round "5.37"]
[White "Spindel, Ulrich"]
[Black "Goepfert, Jakob"]
[Result "0-1"]
[WhiteElo "2083"]
[BlackElo "2118"]
[PlyCount "56"]

1. d4 Nf6 2. c4 c5 3. d5 b5 4. Nf3 e6 5. dxe6 fxe6 6. e3 bxc4 7. Bxc4 d5 8.
Bb5+ Nbd7 9. O-O Bd6 10. b3 O-O 11. Bb2 Qc7 12. Nc3 Bb7 13. Be2 a6 14. h3 Kh8
15. Qc2 e5 16. Ng5 Rae8 17. Bg4 Qc6 18. e4 d4 19. Nd5 Nxg4 20. hxg4 Bb8 21. f3
Qg6 22. Qd2 h6 23. Nh3 Bxd5 24. exd5 e4 25. Qf2 Ne5 26. g5 exf3 27. gxh6 Nd3
28. Qc2 Qg3 0-1

[Event "FC St. Pauli III - SV Großhansdorf"]
[Site "Landesliga Hamburg 2022/23"]
[Date "2023.02.05"]
[Round "5.38"]
[White "Grote, Dirk"]
[Black "Varain, Ernst-Helmuth"]
[Result "1/2-1/2"]
[WhiteElo "2064"]
[BlackElo "2044"]
[PlyCount "46"]

1. d4 Nf6 2. Nf3 g6 3. c4 Bg7 4. e3 O-O 5. Be2 b6 6. O-O Bb7 7. b4 a5 8. b5 c5
9. bxc6 dxc6 10. Nc3 Nbd7 11. Rb1 Qc7 12. Qb3 Rab8 13. Ba3 Rfe8 14. Rfd1 Ba6
15. Qa4 Bf8 16. Rbc1 Rec8 17. Bf1 Bb7 18. Be2 Ba6 19. h3 Ra8 20. Bf1 Bb7 21.
Qb3 h6 22. Rb1 Ba6 23. Qa4 Bg7 1/2-1/2

[Event "FC St. Pauli III - SV Großhansdorf"]
[Site "Landesliga Hamburg 2022/23"]
[Date "2023.02.05"]
[Round "5.39"]
[White "Felten, Joachim"]
[Black "Thieme, Daniel Otis"]
[Result "1/2-1/2"]
[WhiteElo "2072"]
[BlackElo "2076"]
[PlyCount "66"]

1. e4 c5 2. c3 d5 3. exd5 Qxd5 4. d4 g6 5. Nf3 Bg7 6. Be3 cxd4 7. cxd4 Nf6 8.
Nc3 Qd8 9. Bc4 O-O 10. h3 a6 11. a4 Nc6 12. O-O Bf5 13. d5 Nb4 14. Nd4 Qc8 15.
Qe2 h5 16. Rac1 Rd8 17. Rfd1 Qd7 18. Qf3 Rac8 19. Nxf5 Qxf5 20. Qxf5 gxf5 21.
Bb3 Ne4 22. Bd4 Bxd4 23. Rxd4 a5 24. f3 Nd6 25. Re1 Rd7 26. Re3 Kg7 27. Kf2
Rdc7 28. Ke2 Kf6 29. Rh4 Kg5 30. g3 Rd7 31. Rd4 Kf6 32. Rh4 Kg6 33. Rd4 Kf6
1/2-1/2

[Event "FC St. Pauli III - SV Großhansdorf"]
[Site "Landesliga Hamburg 2022/23"]
[Date "2023.02.05"]
[Round "5.40"]
[White "David, Torsten"]
[Black "Limbach, Torsten"]
[Result "1-0"]
[WhiteElo "2048"]
[BlackElo "1956"]
[PlyCount "107"]

1. e4 c6 2. d4 d5 3. exd5 cxd5 4. Bd3 Qc7 5. Ne2 e6 6. Bf4 Bd6 7. Qc1 Nf6 8.
O-O Nc6 9. c3 Bd7 10. Bxd6 Qxd6 11. Qf4 Qxf4 12. Nxf4 O-O-O 13. Re1 Ne8 14. Nd2
Nd6 15. Re3 Ne7 16. g4 g6 17. Kg2 h5 18. h3 hxg4 19. hxg4 Bc6 20. b3 Rh4 21.
Kg3 Rdh8 22. Nf3 Rh1 23. Ree1 Rxe1 24. Rxe1 Kd8 25. Ng5 Ke8 26. Ngxe6 fxe6 27.
Rxe6 Ndc8 28. Nxg6 Rg8 29. Ne5 Bd7 30. Rf6 Nc6 31. Rg6 Rxg6 32. Bxg6+ Ke7 33.
Nxd7 Kxd7 34. Bf5+ Kd8 35. Bxc8 Kxc8 36. f4 Kd7 37. f5 a5 38. a4 Ne7 39. Kf4
Kd6 40. g5 Nc6 41. g6 Ke7 42. Kg5 b6 43. f6+ Ke6 44. g7 Kf7 45. Kf5 Nb8 46.
g8=Q+ Kxg8 47. Ke6 Kf8 48. Kxd5 Nd7 49. Kc6 Nxf6 50. c4 Ne4 51. Kxb6 Nd2 52. c5
Nxb3 53. c6 Ke7 54. c7 1-0

[Event "Hamburger SK V - SV Großhansdorf"]
[Site "Landesliga Hamburg 2022/23"]
[Date "2023.02.26"]
[Round "6.1"]
[White "Wahls, Matthias"]
[Black "Engel, Robert"]
[Result "1-0"]
[WhiteElo "2532"]
[BlackElo "2130"]
[PlyCount "99"]

1. d4 Nf6 2. c4 e6 3. g3 d5 4. Nf3 dxc4 5. Bg2 a6 6. O-O Nc6 7. Bg5 h6 8. Bxf6 Qxf6 9. e3 Bd7 10. Nbd2 e5 11. Nxe5 Nxe5 12. dxe5 Qxe5 13. Bxb7 Rd8 14. Nxc4 Qc5 15. Qf3 Be7 16. a4 Qb4 17. Ne5 O-O 18. Nxd7 Rxd7 19. Bxa6 Bf6 20. Bb5 Rd2 21. Rac1 Be5 22. Rfd1 Qxb2 23. Rxd2 Qxd2 24. Rd1 Qb4 25. Rd7 Bd6 26. Qd5 Qa5 27. Kg2 Bb4 28. Qc6 Bd6 29. Bc4 Qf5 30. Bd5 h5 31. h4 g5 32. Be4 Qe6 33. Bd5 Qf5 34. e4 Qe5 35. hxg5 h4 36. g6 hxg3 37. Rxf7 Rxf7 38. gxf7+ Kg7 39. Qe8 Qf6 40. Qg8+ Kh6 41. fxg3 Bc5 42. f8=Q+ Bxf8 43. Qe6 Qxe6 44. Bxe6 Bb4 45. Kf3 Kg5 46. e5 Be1 47. Bc4 Bb4 48. Ke4 Kg4 49. e6 Kxg3 50. a5 1-0

[Event "Hamburger SK V - SV Großhansdorf"]
[Site "Landesliga Hamburg 2022/23"]
[Date "2023.02.26"]
[Round "6.2"]
[White "Fuhrmann, Bahne"]
[Black "Heyken, Enno"]
[Result "1/2-1/2"]
[WhiteElo "2005"]
[BlackElo "2335"]
[PlyCount "70"]

1. d4 Nf6 2. c4 e6 3. g3 d5 4. Bg2 dxc4 5. Nf3 a6 6. Ne5 c5 7. Be3 cxd4 8. Qxd4 Qxd4 9. Bxd4 Nbd7 10. Nxd7 Nxd7 11. Nd2 f6 12. O-O e5 13. Be3 Bc5 14. Bxc5 Nxc5 15. Nxc4 Bd7 16. Rac1 Ne6 17. Bxb7 Ra7 18. e3 Ke7 19. Bf3 Rb8 20. Rfd1 a5 21. Rc3 g6 22. h4 a4 23. Kg2 Rb4 24. Rd2 Rc7 25. Na5 Rxb2 26. Rxb2 Rxc3 27. Rb7 Nc5 28. Rb4 Nd3 29. Rb1 f5 30. Be2 e4 31. h5 Rc5 32. hxg6 hxg6 33. Nb7 Rc2 34. Kf1 Bc6 35. a3 Kd7 1/2-1/2

[Event "Hamburger SK V - SV Großhansdorf"]
[Site "Landesliga Hamburg 2022/23"]
[Date "2023.02.26"]
[Round "6.3"]
[White "Paul, Anatolij"]
[Black "Schellhorn, Wolfgang"]
[Result "1-0"]
[WhiteElo "2051"]
[BlackElo "2105"]
[PlyCount "91"]

1. d4 Nf6 2. c4 g6 3. Nf3 Bg7 4. g3 c5 5. Bg2 cxd4 6. Nxd4 Nc6 7. O-O O-O 8. Nc3 Nxd4 9. Qxd4 d6 10. Qh4 Qb6 11. b3 Re8 12. Be3 Qa5 13. Rac1 Ng4 14. Bd2 h6 15. h3 g5 16. Qh5 Nf6 17. Qf3 g4 18. hxg4 Nxg4 19. Qd5 Qb6 20. Qh5 Qd4 21. Qd5 e6 22. Qxd4 Bxd4 23. Nb5 Bb6 24. Nxd6 Rd8 25. Bb4 a5 26. Nxc8 Raxc8 27. Bc3 Rd7 28. Bf3 h5 29. Kg2 f5 30. Bxg4 fxg4 31. Rh1 Rf8 32. Rcf1 Rdf7 33. f3 gxf3+ 34. exf3 Rf5 35. f4 Kf7 36. Re1 Rg8 37. Re4 Bd8 38. Kf3 Rg6 39. Rd1 Ke8 40. Rd6 Bc7 41. Rdxe6+ Rxe6 42. Rxe6+ Kd7 43. Rh6 b5 44. Ke4 Rc5 45. Bd4 Rc6 46. Rh7+ 1-0

[Event "Hamburger SK V - SV Großhansdorf"]
[Site "Landesliga Hamburg 2022/23"]
[Date "2023.02.26"]
[Round "6.4"]
[White "Klaas, Heiko"]
[Black "Kuhn, Gerd"]
[Result "1/2-1/2"]
[WhiteElo "1964"]
[BlackElo "1985"]
[PlyCount "117"]

1. e4 c6 2. d4 d5 3. Nd2 dxe4 4. Nxe4 Bf5 5. Ng3 Bg6 6. Nh3 e6 7. Nf4 Bd6 8. Bc4 Nf6 9. c3 Qc7 10. Nxg6 hxg6 11. Qf3 Nbd7 12. Bg5 Qa5 13. Bf4 Bxf4 14. Qxf4 Nb6 15. Bb3 Nbd5 16. Qf3 Qc7 17. O-O Qf4 18. Qxf4 Nxf4 19. Rfe1 O-O-O 20. Ne4 Nxe4 21. Rxe4 Nd5 22. Rd1 Rh5 23. Re5 Rxe5 24. dxe5 Nf4 25. Rxd8+ Kxd8 26. Bc2 Nd5 27. g3 g5 28. Kg2 Ke7 29. Kf3 f5 30. Ke2 Kd7 31. Kd3 Ne7 32. Kd4 b6 33. b4 c5+ 34. bxc5 Nc6+ 35. Kc4 Nxe5+ 36. Kb5 bxc5 37. Kxc5 Ng4 38. f4 gxf4 39. gxf4 Nxh2 40. c4 Ng4 41. Ba4+ Kc7 42. Kd4 Kd6 43. c5+ Ke7 44. Bb3 Nf6 45. c6 Kd6 46. c7 Kxc7 47. Bxe6 Kd6 48. Bxf5 Ng8 49. Bd3 Ne7 50. Be4 Ng8 51. Kc4 Nf6 52. Kd4 Nxe4 53. Kxe4 Ke6 54. f5+ Kf6 55. Kf4 g6 56. fxg6 Kxg6 57. Ke5 Kf7 58. Kd6 Ke8 59. Kc7 1/2-1/2

[Event "Hamburger SK V - SV Großhansdorf"]
[Site "Landesliga Hamburg 2022/23"]
[Date "2023.02.26"]
[Round "6.5"]
[White "Spindel, Ulrich"]
[Black "Krueger, Arthur"]
[Result "1-0"]
[WhiteElo "2083"]
[BlackElo "1937"]
[PlyCount "77"]

1. d4 d5 2. c4 dxc4 3. Nf3 Nf6 4. e3 e6 5. Bxc4 c5 6. O-O Be7 7. Nc3 O-O 8. dxc5 Bxc5 9. b3 Qe7 10. Qe2 a6 11. Bb2 b5 12. Bd3 Bb7 13. Rac1 Ba7 14. Ng5 e5 15. Nce4 Nxe4 16. Bxe4 Bxe4 17. Nxe4 Nd7 18. Rfd1 Rac8 19. Rxc8 Rxc8 20. Qg4 Nb6 21. Bxe5 f5 22. Qxf5 Rf8 23. Qg5 Qxg5 24. Nxg5 h6 25. Nf3 Rc8 26. h3 Rc2 27. Rd2 Rxd2 28. Nxd2 Nd5 29. Kf1 Kf7 30. Ke2 g6 31. e4 Ke6 32. f4 Nb4 33. a4 Nc6 34. Bg7 h5 35. axb5 axb5 36. g4 hxg4 37. hxg4 g5 38. f5+ Kf7 39. Bc3 1-0

[Event "Hamburger SK V - SV Großhansdorf"]
[Site "Landesliga Hamburg 2022/23"]
[Date "2023.02.26"]
[Round "6.6"]
[White "Avdic, Faris"]
[Black "Varain, Ernst-Helmuth"]
[Result "1-0"]
[WhiteElo "2015"]
[BlackElo "2044"]
[PlyCount "53"]

1. d4 Nf6 2. c4 g6 3. Nc3 d5 4. cxd5 Nxd5 5. Bd2 Bg7 6. e4 Nb6 7. Be3 O-O 8. Be2 Nc6 9. Nf3 Bg4 10. d5 Bxf3 11. gxf3 Ne5 12. Qb3 Qd7 13. O-O-O Kh8 14. Rdg1 f5 15. f4 Ng4 16. Bxg4 fxg4 17. h3 gxh3 18. Rg3 c6 19. dxc6 Qxc6 20. Rgxh3 Nc4 21. Rxh7+ Kg8 22. Kb1 e6 23. e5 Rac8 24. Qb5 Na3+ 25. bxa3 Qxc3 26. Rxg7+ Kxg7 27. Rc1 1-0

[Event "Hamburger SK V - SV Großhansdorf"]
[Site "Landesliga Hamburg 2022/23"]
[Date "2023.02.26"]
[Round "6.7"]
[White "Baldauf, Bastian"]
[Black "Fuhrmann, Aake"]
[Result "0-1"]
[WhiteElo "2089"]
[BlackElo "1968"]
[PlyCount "128"]

1. e4 c5 2. Nf3 d6 3. c3 Nf6 4. Qe2 Nc6 5. g3 g6 6. Bg2 Bg7 7. O-O e5 8. Na3 O-O 9. d3 Rb8 10. Nc2 Re8 11. h3 b6 12. Nh2 d5 13. Bg5 d4 14. Ng4 h5 15. Nxf6+ Bxf6 16. Bxf6 Qxf6 17. f4 h4 18. cxd4 cxd4 19. fxe5 Qe7 20. Rf6 Nxe5 21. Raf1 Ba6 22. Ne1 Kg7 23. gxh4 Rh8 24. Qf2 Rbd8 25. Qg3 Rd6 26. Rxd6 Qxd6 27. Bf3 Qe7 28. h5 Nxf3+ 29. Nxf3 Rxh5 30. Kh2 Bxd3 31. Re1 Qc5 32. Qf2 Bc4 33. b3 Be6 34. Qxd4+ Qxd4 35. Nxd4 Rxh3+ 36. Kg2 Rd3 37. Nxe6+ fxe6 38. e5 Rd2+ 39. Kf3 Rxa2 40. Rc1 g5 41. Rc6 Kf7 42. Kg4 Ra5 43. Kxg5 Rxe5+ 44. Kf4 Kf6 45. b4 Rb5 46. Rc4 a5 47. bxa5 bxa5 48. Ke3 Ke5 49. Rc8 Kd5 50. Kd3 Rb3+ 51. Kc2 a4 52. Rd8+ Ke4 53. Ra8 Rb4 54. Kc3 Rd4 55. Rh8 e5 56. Rh4+ Kd5 57. Rh8 Rc4+ 58. Kd3 e4+ 59. Ke3 Kc5 60. Rb8 a3 61. Kd2 Ra4 62. Rc8+ Kd4 63. Rd8+ Kc4 64. Rc8+ Kb3 0-1

[Event "SK Marmstorf - FC St. Pauli III"]
[Site "Landesliga Hamburg 2022/23"]
[Date "2023.02.26"]
[Round "6.9"]
[White "Kahlert, Thomas"]
[Black "Kuberczyk, Christoph"]
[Result "1/2-1/2"]
[WhiteElo "2148"]
[BlackElo "2282"]
[PlyCount "72"]

1. c4 e6 2. Nf3 d5 3. d4 Nf6 4. Nc3 dxc4 5. e3 a6 6. a4 b6 7. Bxc4 Bb7 8. O-O Bb4 9. Qb3 Qe7 10. Bd2 O-O 11. Rfd1 Nc6 12. Qc2 Rfd8 13. Rac1 e5 14. Ng5 exd4 15. Nd5 Rxd5 16. Bxd5 d3 17. Qb3 Nxd5 18. Qxd5 Bxd2 19. Rxd2 Rd8 20. Qf5 g6 21. Qf4 Ne5 22. Nxf7 Nxf7 23. Rxc7 Rd7 24. Rxd7 Qxd7 25. Qc4 Qc6 26. Qxc6 Bxc6 27. b3 b5 28. a5 Kf8 29. Rxd3 Ke7 30. f3 Ne5 31. Rd1 Bd7 32. b4 Nc6 33. Rb1 Kd6 34. Kf2 Kd5 35. Rd1+ Ke6 36. Rb1 Kd5 1/2-1/2

[Event "SK Marmstorf - FC St. Pauli III"]
[Site "Landesliga Hamburg 2022/23"]
[Date "2023.02.26"]
[Round "6.10"]
[White "Hawellek, Jeronimo"]
[Black "Thomaschke, Dirk"]
[Result "1/2-1/2"]
[WhiteElo "2264"]
[BlackElo "2157"]
[PlyCount "41"]

1. d4 Nf6 2. c4 e6 3. Nf3 b6 4. g3 Bb7 5. Bg2 Be7 6. O-O O-O 7. d5 Na6 8. Nd4 exd5 9. Nf5 c6 10. cxd5 cxd5 11. Nc3 Nc7 12. Bf4 d6 13. h3 Re8 14. g4 Qd7 15. Qd3 Bf8 16. Rfd1 Ne6 17. Bh2 Nc5 18. Qd4 Nce4 19. Ne3 Nxc3 20. bxc3 Rac8 21. a4 1/2-1/2

[Event "SK Marmstorf - FC St. Pauli III"]
[Site "Landesliga Hamburg 2022/23"]
[Date "2023.02.26"]
[Round "6.11"]
[White "Wronn, Bernd"]
[Black "Ramme, Christoph"]
[Result "0-1"]
[WhiteElo "2161"]
[BlackElo "2129"]
[PlyCount "54"]

1. d4 Nf6 2. Nf3 d5 3. g3 e6 4. Bg2 Be7 5. O-O O-O 6. c4 dxc4 7. Ne5 Nc6 8. Bxc6 bxc6 9. Nxc6 Qe8 10. Nxe7+ Qxe7 11. Qc2 e5 12. Rd1 Bb7 13. Bg5 Rad8 14. Qxc4 Rxd4 15. Rxd4 exd4 16. Nd2 h6 17. Bxf6 Qxf6 18. Qxc7 Ba6 19. Re1 d3 20. exd3 Qxb2 21. Nc4 Qxa2 22. Re7 Qb1+ 23. Kg2 Qxd3 24. Nd6 Qd5+ 25. f3 Qd2+ 26. Kh3 Bf1+ 27. Kg4 Qg5# 0-1

[Event "SK Marmstorf - FC St. Pauli III"]
[Site "Landesliga Hamburg 2022/23"]
[Date "2023.02.26"]
[Round "6.12"]
[White "Diekmann, Jens"]
[Black "Goepfert, Jakob"]
[Result "0-1"]
[WhiteElo "2054"]
[BlackElo "2118"]
[PlyCount "72"]

1. c4 Nf6 2. Nc3 c5 3. e4 Nc6 4. g3 g6 5. Bg2 Bg7 6. Nge2 O-O 7. O-O a6 8. d3 d6 9. h3 Ne8 10. Be3 Nd4 11. a4 Rb8 12. Rb1 Nc7 13. b4 Nce6 14. f4 Bd7 15. bxc5 dxc5 16. f5 Nxe2+ 17. Nxe2 Nd4 18. Bf4 Bxa4 19. Qd2 Bc2 20. Nxd4 Qxd4+ 21. Be3 Qxd3 22. Rbc1 Bd4 23. Kh2 Bxe3 24. Qxc2 Qd6 25. Rcd1 Bd4 26. Rf3 b5 27. cxb5 axb5 28. Bf1 c4 29. Bxc4 bxc4 30. Qxc4 Rb4 31. Qf1 Rb2+ 32. Kh1 Qe5 33. Qd3 Rc8 34. Rd2 Rc1+ 35. Kg2 Rxd2+ 36. Qxd2 Qxe4 0-1

[Event "SK Marmstorf - FC St. Pauli III"]
[Site "Landesliga Hamburg 2022/23"]
[Date "2023.02.26"]
[Round "6.13"]
[White "Grote, Dirk"]
[Black "Koenig, Friedrich Theodor"]
[Result "0-1"]
[WhiteElo "2064"]
[BlackElo "1900"]
[PlyCount "74"]

1. d4 d5 2. c4 c6 3. Nf3 Nf6 4. e3 Bf5 5. Nc3 e6 6. Nh4 Be4 7. f3 Bg6 8. Nxg6 hxg6 9. Qb3 Qc7 10. Bd2 Be7 11. O-O-O O-O 12. Kb1 a5 13. Rc1 dxc4 14. Bxc4 b5 15. Nxb5 cxb5 16. Bd5 Qa7 17. Bxa8 Qxa8 18. Qxb5 Na6 19. Qxa5 Qb7 20. Rc2 Ra8 21. Rhc1 Nc5 22. Qb4 Qa7 23. Rxc5 Qxa2+ 24. Kc2 Bxc5 25. dxc5 Nd5 26. Qb3 Qa7 27. Kd1 Qc7 28. g3 Rb8 29. Qa3 Qe5 30. e4 Ne7 31. Qc3 Qh5 32. h4 Nc6 33. Ke2 Rb3 34. g4 Qxh4 35. Qc4 Rxb2 36. Ke3 Qh6+ 37. f4 Qh3+ 0-1

[Event "SK Marmstorf - FC St. Pauli III"]
[Site "Landesliga Hamburg 2022/23"]
[Date "2023.02.26"]
[Round "6.14"]
[White "Anderberg, Peter"]
[Black "Thieme, Daniel Otis"]
[Result "1/2-1/2"]
[WhiteElo "1912"]
[BlackElo "2076"]
[PlyCount "107"]

1. d4 Nf6 2. c4 e6 3. Nc3 Bb4 4. e3 O-O 5. Nge2 d5 6. a3 Be7 7. cxd5 exd5 8. Nf4 c6 9. Bd3 Re8 10. O-O Nbd7 11. f3 Nf8 12. Bc2 Ne6 13. e4 dxe4 14. Nxe6 Bxe6 15. fxe4 Bg4 16. Qd3 Bh5 17. Qh3 Qxd4+ 18. Be3 Qd7 19. Qg3 Bd6 20. Bf4 Bxf4 21. Rxf4 Qd4+ 22. Kh1 Bg6 23. Rd1 Qe5 24. Qe3 Nd5 25. Nxd5 cxd5 26. Bb3 Bxe4 27. Qf2 f5 28. Rxe4 fxe4 29. Rxd5 Qxd5 30. Bxd5+ Kh8 31. Bxe4 Rxe4 32. h3 Re7 33. Qc5 Rd7 34. Kh2 b6 35. Qc6 Rad8 36. b4 h6 37. a4 Rd6 38. Qb7 R8d7 39. Qa8+ Kh7 40. Qe4+ g6 41. Qe8 Kg7 42. Qe5+ Kf7 43. Qf4+ Kg7 44. Qe5+ Rf6 45. a5 bxa5 46. bxa5 g5 47. a6 Kf7 48. Qe4 Re6 49. Qh7+ Ke8 50. Qg8+ Ke7 51. Qg7+ Ke8 52. Qg8+ Ke7 53. Qg7+ Kd6 54. Qd4+ 1/2-1/2

[Event "Hamburger SK IV - SK Weisse Dame"]
[Site "Landesliga Hamburg 2022/23"]
[Date "2023.02.26"]
[Round "6.17"]
[White "Popist, Florian"]
[Black "Jantzen, Hans-Joerg"]
[Result "1-0"]
[WhiteElo "2177"]
[BlackElo "2144"]
[PlyCount "91"]

1. e4 c5 2. Nc3 e6 3. f4 Nc6 4. Nf3 a6 5. d3 Qc7 6. g3 b6 7. Bg2 Bb7 8. O-O d6 9. f5 e5 10. Nd5 Qd8 11. c3 Nf6 12. Nxf6+ gxf6 13. d4 Qc7 14. Be3 Na5 15. Nd2 Bc6 16. b4 Nb7 17. Rb1 b5 18. Qe2 h5 19. d5 Bd7 20. h4 Bh6 21. Bxh6 Rxh6 22. Bf3 Ke7 23. Bxh5 a5 24. a3 axb4 25. axb4 Ra2 26. Bf3 Rh8 27. Qd3 Rha8 28. Rfe1 R8a3 29. Qe2 cxb4 30. cxb4 Qb6+ 31. Kf1 Qd4 32. Red1 Re3 33. Qf2 Qd3+ 34. Kg2 Qa3 35. h5 Rd3 36. h6 Qa8 37. Qe2 Rda3 38. Rbc1 Qf8 39. h7 Kd8 40. Rh1 Qh8 41. Qd1 Be8 42. Rc2 Ra1 43. Nb1 Ra4 44. Qd2 Rxb1 45. Rxb1 Qxh7 46. Qc3 1-0

[Event "Hamburger SK IV - SK Weisse Dame"]
[Site "Landesliga Hamburg 2022/23"]
[Date "2023.02.26"]
[Round "6.18"]
[White "Meier, David Geffrey"]
[Black "Mandelbaum, Peter-Rene"]
[Result "0-1"]
[WhiteElo "2084"]
[BlackElo "2090"]
[PlyCount "100"]

1. d4 d5 2. c4 dxc4 3. Nc3 Nf6 4. e4 e5 5. Nf3 exd4 6. Qxd4 Qxd4 7. Nxd4 Bb4 8. f3 O-O 9. Bxc4 a6 10. a4 Re8 11. O-O Bc5 12. Be3 Nc6 13. Nc2 Bd6 14. Rfd1 Be6 15. Bxe6 Rxe6 16. Nd4 Nxd4 17. Bxd4 Kf8 18. g3 c6 19. Rd2 Ke7 20. Rad1 b5 21. Ne2 c5 22. Be3 Rc8 23. axb5 axb5 24. Nf4 Bxf4 25. Bxf4 h6 26. g4 c4 27. Bd6+ Ke8 28. e5 Nd7 29. f4 f6 30. Bb4 Nc5 31. Bxc5 Rxc5 32. Rd8+ Kf7 33. Rb8 fxe5 34. f5 Re7 35. Rdd8 Kf6 36. Kf2 e4 37. Rbc8 Rec7 38. Rxc7 Rxc7 39. Ke3 b4 40. Kxe4 c3 41. bxc3 bxc3 42. Rd1 c2 43. Rc1 Kg5 44. h3 Kh4 45. Kf3 Rc3+ 46. Kf4 Kxh3 47. g5 hxg5+ 48. Kxg5 Kg3 49. Kg6 Kf4 50. Rf1+ Rf3 0-1

[Event "Hamburger SK IV - SK Weisse Dame"]
[Site "Landesliga Hamburg 2022/23"]
[Date "2023.02.26"]
[Round "6.19"]
[White "Lansky, Georg"]
[Black "Posske, Thore"]
[Result "1-0"]
[WhiteElo "2065"]
[BlackElo "2001"]
[PlyCount "105"]

1. e4 c6 2. d4 d5 3. Nd2 dxe4 4. Nxe4 Bf5 5. Ng3 Bg6 6. Nf3 Nd7 7. h4 h6 8. h5 Bh7 9. Bd3 Bxd3 10. Qxd3 Ngf6 11. Bd2 Qc7 12. O-O-O O-O-O 13. Ne4 Ng4 14. Qe2 e5 15. Nh4 Ngf6 16. Nxf6 gxf6 17. Be3 c5 18. dxc5 Bxc5 19. Nf5 Kb8 20. Bxh6 Nb6 21. Rxd8+ Rxd8 22. Be3 Bb4 23. Bxb6 axb6 24. Rd1 Rc8 25. Ne3 Qc6 26. Qd3 Bc5 27. Qd2 Qa4 28. Kb1 Qh4 29. Qe2 Rh8 30. g4 Bxe3 31. fxe3 Rg8 32. Qc4 Qxg4 33. Qxg4 Rxg4 34. Rh1 Kc7 35. h6 Rg8 36. h7 Rh8 37. e4 Kd6 38. b4 Ke7 39. c4 Kf8 40. c5 bxc5 41. bxc5 Kg7 42. a4 f5 43. exf5 Kf6 44. Rh5 e4 45. a5 Ke5 46. c6 bxc6 47. a6 Kf4 48. a7 Kg4 49. a8=Q Rxa8 50. h8=Q Rxh8 51. Rxh8 Kf3 52. Kc2 Ke2 53. Rf8 1-0

[Event "Hamburger SK IV - SK Weisse Dame"]
[Site "Landesliga Hamburg 2022/23"]
[Date "2023.02.26"]
[Round "6.20"]
[White "Atri, Jamshid"]
[Black "Schiele, Lars"]
[Result "1/2-1/2"]
[WhiteElo "1992"]
[BlackElo "2059"]
[PlyCount "94"]

1. e4 e5 2. Nf3 Nc6 3. Bb5 a6 4. Ba4 Nf6 5. O-O Be7 6. Re1 b5 7. Bb3 d6 8. c3 O-O 9. h3 Nb8 10. d4 Nbd7 11. Nbd2 Bb7 12. Bc2 Re8 13. b4 Bf8 14. a4 g6 15. Bb2 Bg7 16. Qb1 c6 17. c4 exd4 18. cxb5 c5 19. bxa6 Rxa6 20. b5 Ra8 21. Nc4 Nb6 22. Nxb6 Qxb6 23. Nd2 d5 24. exd5 Rxe1+ 25. Qxe1 Re8 26. Qf1 Nxd5 27. Nc4 Qf6 28. Re1 Rxe1 29. Qxe1 Nf4 30. Qe8+ Bf8 31. Be4 Ne2+ 32. Kf1 Ng3+ 33. Kg1 Nxe4 34. f3 Nc3 35. a5 Bxf3 36. gxf3 Qxf3 37. Bxc3 Qg3+ 38. Kf1 Qxh3+ 39. Ke2 Qxc3 40. Ne5 Qc2+ 41. Ke1 Qb1+ 42. Kd2 Qa2+ 43. Kd3 Qb3+ 44. Kd2 Qa2+ 45. Kd3 Qb3+ 46. Kd2 Qa2+ 47. Kd3 Qb3+ 1/2-1/2

[Event "Hamburger SK IV - SK Weisse Dame"]
[Site "Landesliga Hamburg 2022/23"]
[Date "2023.02.26"]
[Round "6.22"]
[White "Juergens, Bernhard"]
[Black "Purniel Umpierre, Christian"]
[Result "0-1"]
[WhiteElo "2142"]
[BlackElo "1970"]
[PlyCount "30"]

1. e4 c5 2. Nc3 a6 3. g3 b5 4. Bg2 Bb7 5. d3 e6 6. f4 Nf6 7. Nh3 b4 8. Nb1 d5 9. Nd2 Be7 10. O-O O-O 11. f5 exf5 12. Rxf5 dxe4 13. Ng5 Qd7 14. dxe4 Nxe4 15. Qf3 Nd6 0-1

[Event "Hamburger SK IV - SK Weisse Dame"]
[Site "Landesliga Hamburg 2022/23"]
[Date "2023.02.26"]
[Round "6.23"]
[White "Habermann, Till"]
[Black "Chyzynski, David"]
[Result "0-1"]
[WhiteElo "1942"]
[BlackElo "1774"]
[PlyCount "68"]

1. d4 Nf6 2. c4 e6 3. g3 d5 4. Bg2 Be7 5. Nf3 O-O 6. O-O Nbd7 7. b3 Ne4 8. Bb2 f5 9. Nbd2 Qe8 10. Ne1 c6 11. f3 Nd6 12. e4 fxe4 13. fxe4 Rxf1+ 14. Kxf1 dxe4 15. Nxe4 Nf6 16. Nxd6 Bxd6 17. d5 exd5 18. Bxf6 Qf7 19. Qf3 Bg4 20. Qf2 Bc5 21. Bd4 Bxd4 22. Qxf7+ Kxf7 23. Rb1 dxc4 24. bxc4 Rf8 25. Rxb7+ Kg6+ 26. Nf3 Bxf3 27. Bxf3 Rxf3+ 28. Ke1 Ra3 29. Rc7 c5 30. Rd7 Rxa2 31. h4 Rg2 32. Rxa7 Rxg3 33. Ra6+ Kf5 34. Ra8 Kg4 0-1